Estado y administración pública (Registro nro. 1240)

Detalles MARC
000 -LEADER
fixed length control field 02954 a2200457 4500
001 - CONTROL NUMBER
control field 24916
005 - DATE AND TIME OF LATEST TRANSACTION
control field 20260407155531.0
008 - FIXED-LENGTH DATA ELEMENTS--GENERAL INFORMATION
fixed length control field 260407a2013 arg spa d
003 - CONTROL NUMBER IDENTIFIER
control field AR-UNSa-BCEJYS
040 ## - CATALOGING SOURCE
Original cataloging agency AR-UNSa-BCEJYS
Language of cataloging spa
Transcribing agency AR-UNSa-BCEJYS
080 ## - UNIVERSAL DECIMAL CLASSIFICATION NUMBER
Universal Decimal Classification number 35
Common auxiliary subdivision Administración Pública
020 ## - INTERNATIONAL STANDARD BOOK NUMBER
International Standard Book Number 978-987-01-1500-7
100 1# - MAIN ENTRY--PERSONAL NAME
Personal name Krieger, Mario José
245 10 - TITLE STATEMENT
Title Estado y administración pública
Name of part/section of a work perspectivas para el estudio de políticas e instrumentos de gestión pública
264 #1 - PRODUCTION, PUBLICATION, DISTRIBUTION, MANUFACTURE, AND COPYRIGHT NOTICE
Place of production, publication, distribution, manufacture Buenos Aires :
Name of producer, publisher, distributor, manufacturer Errepar
Date of production, publication, distribution, manufacture, or copyright notice 2013
300 ## - PHYSICAL DESCRIPTION
Extent xxxix, 487 p.
Dimensions 27 cm.
505 ## - FORMATTED CONTENTS NOTE
Formatted contents note 1. Continuidades, rupturas y conjeturas sobre Estado, sociedad y administración pública en América Latina. ¿Hacia la construcción de un nuevo proceso latinoamericano de desarrollo y reconstrucción de la comunidad? - 2. Gobernabilidad democrática y políticas públicas. Una introducción conceptual - 3. Problemas públicas y políticas públicas. Un enfoque integral para la toma de decisiones de intervención en contexto - 4. El desarrollo socioeconómico en la formación y evolución del Estado Argentino - 5. La reforma del Estado y de la administración pública. Una revisión sobre políticas, instrumentos y enfoques - 6. Teoría y sociología de las organizaciones públicas - 7. Los modelos de gestión pública - 8. Cultura organizacional en la administración pública. El impacto del big bang paradigmático - 9. Planificación estratégica participativa. Principales conceptos y metodologías aplicables en la formulación de políticas públicas y la planificación sectorial - 10. Planeamiento estratégico de organizaciones públicas - 11. La gestión presupuestaria y su relación con los objetivos de las políticas públicas y con la programación técnica - 12. Administración financiera - 13. El financiamiento del Estado - 14. La gestión de los recursos humanos en las organizaciones públicas. Gestión de personas por competencias - 15. Desarrollo de procesos y gestión de la calidad en la administración pública - 16. TIC y gobierno<br/>
590 ## - LOCAL NOTE (RLIN)
Local note niveau_biblio:m niveau_hierar:0
700 1# - ADDED ENTRY--PERSONAL NAME
Personal name Azcorra, Adriana
700 1# - ADDED ENTRY--PERSONAL NAME
Personal name Blanco, Pablo
700 1# - ADDED ENTRY--PERSONAL NAME
Personal name Blutman, Gustavo
700 1# - ADDED ENTRY--PERSONAL NAME
Personal name Bonifacio, José Alberto
700 1# - ADDED ENTRY--PERSONAL NAME
Personal name Dellasanta, Alicia
700 1# - ADDED ENTRY--PERSONAL NAME
Personal name Fantoni, Mariano E.
700 1# - ADDED ENTRY--PERSONAL NAME
Personal name Felcman, Isidoro Luis
700 1# - ADDED ENTRY--PERSONAL NAME
Personal name Fuertes, Ana Isabel
700 1# - ADDED ENTRY--PERSONAL NAME
Personal name Gómez, Florencia
700 1# - ADDED ENTRY--PERSONAL NAME
Personal name Goyburu, Lara
700 1# - ADDED ENTRY--PERSONAL NAME
Personal name Greco, Mariano
700 1# - ADDED ENTRY--PERSONAL NAME
Personal name Guardo, Enrique
700 1# - ADDED ENTRY--PERSONAL NAME
Personal name Herrera, Juan Carlos
700 1# - ADDED ENTRY--PERSONAL NAME
Personal name Módolo, Cristian
700 1# - ADDED ENTRY--PERSONAL NAME
Personal name Otero, Alejandro A.
700 1# - ADDED ENTRY--PERSONAL NAME
Personal name Pandolfi, Lionel
700 1# - ADDED ENTRY--PERSONAL NAME
Personal name Schmukler, Ricardo
700 1# - ADDED ENTRY--PERSONAL NAME
Personal name Schweinheim, Guillermo F. F.
700 1# - ADDED ENTRY--PERSONAL NAME
Personal name Velázquez, Rocío
700 1# - ADDED ENTRY--PERSONAL NAME
Personal name Waisbrod, Laura
856 41 - ELECTRONIC LOCATION AND ACCESS
Uniform Resource Identifier <a href="https://biblioeco.unsa.edu.ar/pmb/images/libros/Estado y Administraci?n P?blica (2013).jpg">https://biblioeco.unsa.edu.ar/pmb/images/libros/Estado y Administraci?n P?blica (2013).jpg</a>
Link text Imagen de portada
Electronic format type image/jpeg
942 ## - ADDED ENTRY ELEMENTS (KOHA)
Koha item type
Existencias
Withdrawn status Lost status Damaged status Not for loan Home library Current library Shelving location Date acquired Total checkouts Full call number Barcode Date last seen Price effective from Koha item type
        Biblioteca Prof. Eusebio Cleto del Rey Biblioteca Prof. Eusebio Cleto del Rey   07/04/2026   35 K89 L119751 07/04/2026 07/04/2026 Libro
        Biblioteca Prof. Eusebio Cleto del Rey Biblioteca Prof. Eusebio Cleto del Rey   07/04/2026   35 K89 L119753 07/04/2026 07/04/2026 Libro
        Biblioteca Prof. Eusebio Cleto del Rey Biblioteca Prof. Eusebio Cleto del Rey   07/04/2026   35 K89 L119752 07/04/2026 07/04/2026 Libro